000
00326nam a2200133Ia 4500
008
240112s1985 JAN-OCT xx 000 0 und d
041
_a
eng
082
_a
615.103
100
_a
JAFFE E.
245
_a
SEMINARS IN HEMATOLOGY
260
_b
SEMINARS IN HEMAT.
_c
1985 JAN-OCT
300
_a
325,HB
_c
(1-4)
440
_v
22
999
_c
1142411
_d
1142411